000 00218nam a22000857a 4500
008 160625b xxu||||| |||| 00| 0 eng d
100 _91133
_aPadoan, G
245 _a366 and More Fairy Tales
260 _aEng
_b Brown Watson
_c1986
999 _c915
_d915